Normal view
MARC view
Entry Personal Name
001 - CONTROL NUMBER
- control field: 191497
003 - CONTROL NUMBER IDENTIFIER
- control field: OSt
005 - DATE AND TIME OF LATEST TRANSACTION
- control field: 20241217162834.0
008 - FIXED-LENGTH DATA ELEMENTS
- fixed length control field: 241217|| aca||aabn | a|a d
040 ## - CATALOGING SOURCE
- Original cataloging agency: OSt
- Transcribing agency: OSt
100 ## - HEADING--PERSONAL NAME
- Personal name: MUZATAR (Bal Krashn)
- Dates associated with a name: बालकृष्ण मुज़्तर
670 ## - SOURCE DATA FOUND
- Source citation: Work cat.: (OSt)213435: MUZATAR (Bal Krashn) बालकृष्ण मुज़्तर, Dastavej., 1996